Lyrics to 'Punto Y Aparte' by Morat - Statistics

General Stats
  • This quiz has been taken 44 times
  • The average score is 275 of 279
Answer Stats
Answer % Correct
a
100%
A
100%
acabo
100%
adiós
100%
Al
100%
amarte
100%
aparte
100%
arrepentirme
100%
avión
100%
bala
100%
bien
100%
cada
100%
canción
100%
canse
100%
cansé
100%
cartas
100%
cenizas
100%
como
100%
con
100%
Cuando
100%
culpable
100%
de
100%
decirte
100%
dejar
100%
del
100%
el
100%
en
100%
encontrarte
100%
es
100%
ese
100%
estoy
100%
fin
100%
fue
100%
fuego
100%
fuiste
100%
guerra
100%
hacías
100%
haré
100%
he
100%
herida
100%
hoy
100%
interrogación
100%
juego
100%
jurando
100%
juro
100%
la
100%
las
100%
les
100%
lo
100%
manos
100%
me
100%
100%
mi
100%
mías
100%
miedo
100%
montarme
100%
no
100%
No
100%
nunca
100%
Para
100%
para
100%
pensé
100%
perdida
100%
perdido
100%
pongo
100%
por
100%
Por
100%
Porque
100%
promesa
100%
Puedo
100%
puesto
100%
Punto
100%
que
100%
Que
100%
quedan
100%
quemas
100%
quemo
100%
sabes
100%
100%
se
100%
seguro
100%
si
100%
Si
100%
signo
100%
soltar
100%
soltarte
100%
soy
100%
tal
100%
también
100%
te
100%
tengas
100%
tenía
100%
ti
100%
tiempo
100%
todo
100%
100%
tu
100%
tus
100%
un
100%
una
100%
vano
100%
vi
100%
vida
100%
Vuelvo
100%
Y
100%
y
100%
ya
100%
yo
100%
aire
80%
alcanza
80%
año
80%
antes
80%
cargo
80%
contuve
80%
diría
80%
esa
80%
explicarte
80%
más
80%
meses
80%
miras
80%
Ni
80%
respiración
80%
sale
80%
trece
80%
voz
80%
lloraste
60%
No matching quizzes found
Score Distribution
Percent of People with Each Score
Percentile by Number Answered
Your Score History
You have not taken this quiz